Najpopularniejsze kanały na YouTube - FIFA - Statystyki

Ogólne statystyki
  • Ten quiz został rozwiązany 12 479 razy
  • Średni wynik to 8 z 15
Statystyki odpowiedzi
Liczba subskrypcji Nazwa kanału % Poprawnych
872 050 * Lachu
94%
795 850 PLKD
90%
368 814 Koza Sport
80%
670 766 Jcob
79%
476 055 Kamyk
74%
498 968 Dev
73%
432 758 N3jxiom
68%
460 295 Vibe
67%
488 326 Junajted
59%
334 493 Kartomania
38%
326 749 Urbix
30%
302 567 Adryan
23%
204 650 Zwykły Kibic
18%
163 734 Davczo
14%
162 455 GOLDZOR
6%
Nie znaleziono quizów pasujących do podanych kryteriów
Rozkład punktacji
Procent ludzi z każdym wynikiem
Percentyl według liczby udzielonych odpowiedzi
Twoja historia wyników
Nie rozwiązałeś tego quizu